000 00501nam a2200181Ia 4500
008 240925s9999 xx 000 0 und d
020 _a131256343
082 _a005.14 WIL
100 _aWilson ,Rodney C.
245 0 _aUnix Test Tools and Benchmarks
250 _aNA
260 _aLondon:
_bPrentice, Hall
_c,1995.
300 _axxiv,276p.
_bNA
_fOriginal
500 _aIncludes Index
600 _aEngineering Technology
650 _aComputer science, information & general works
942 _cBK
999 _c5142
_d5142